000
00326nam a22001337a 4500
008
170922b xxu||||| |||| 00| 0 eng d
020
_a
9780070062580
041
_a
eng
080
_a
37
100
_a
46
101
_a
EDU
245
_a
QUEST READING AND WRITING IN THE ACADEMIC WORLD
_c
BLASS.L
942
_2
udc
_c
BK
999
_c
29247
_d
29247